000 00359nam a2200145Ia 4500
008 150201s2010 xx 000 0 und d
082 _a616.07
_bS10M
100 _aMILLS, STACEY E.
245 _aSTERNBERG,S DIAGNOSTIC SURGICAL PATHOLOGY -1
250 _a5TH
260 _bWOLTERS KLUWER
_c2010
300 _a1-1247
650 _aPATHOLOGY
942 _2ddc
_cBK
999 _c1802
_d1802